| 000 | 00754cam a2200241 4500 | ||
|---|---|---|---|
| 001 | ##M2301 | ||
| 008 | 090401t1994 xxu||||| |||| 00| 0 eng d | ||
| 035 | _a(Sirsi) u37691 | ||
| 041 | 0 | _aeng | |
| 050 | 0 | 4 | _a690.241 $2 18 |
| 090 | _aRICS 1994/101A | ||
| 245 | 0 | 0 | _aLibrary of dissertations |
| 260 |
_aLondon _bRICS _c1994 |
||
| 300 |
_a(4)p. _c30cm. |
||
| 490 | 0 |
_aRICS Building Conservation Note _v(4) |
|
| 520 | _aPublished in "RICS Building Conservation Newsletter" (11) Winter 1994. | ||
| 651 | 4 |
_aUnited Kingdom _y |
|
| 690 | _aBUILT ENVIRONMENT-BUILDING MAINTENANCE AND REFURBISHMENT-BUILDING CONSERVATION | ||
| 700 | 1 | _aDoveton, Rebecca | |
| 710 | 2 |
_aRoyal Institution of Chartered Surveyors _94900 |
|
| 942 | _n0 | ||
| 948 | _c04/03/1997 | ||
| 999 |
_c90523 _d90523 |
||